Guía práctica Laboral y de Seguridad Social 2016 (Registro nro. 164609)
[ vista simple ]
| 000 -LEADER | |
|---|---|
| fixed length control field | 01085nam a22002537a 4500 |
| 007 - PHYSICAL DESCRIPTION FIXED FIELD--GENERAL INFORMATION | |
| fixed length control field | cr|||| ||u| |
| 008 - FIXED-LENGTH DATA ELEMENTS--GENERAL INFORMATION | |
| fixed length control field | 161103s2016 Mx |||||o|||| 001 0 Spa d |
| 020 ## - INTERNATIONAL STANDARD BOOK NUMBER | |
| International Standard Book Number | 978-607-440-935-2 |
| 035 ## - | |
| -- | 14501 |
| 040 ## - CATALOGING SOURCE | |
| Original cataloging agency | vLex |
| 090 ## - | |
| -- | 6354 |
| -- | 6354 |
| 100 1# - MAIN ENTRY--PERSONAL NAME | |
| Personal name | Pérez Chavez, José |
| 245 1# - TITLE STATEMENT | |
| Title | Guía práctica Laboral y de Seguridad Social 2016 |
| Medium | [Recurso electrónico] / |
| Statement of responsibility, etc | José Pérez Chavez, Raymundo Fol Olguin. |
| 256 ## - | |
| -- | Servicio en línea |
| 260 ## - PUBLICATION, DISTRIBUTION, ETC. (IMPRINT) | |
| Place of publication, distribution, etc | México: |
| Name of publisher, distributor, etc | Tax Editores, |
| Date of publication, distribution, etc | 2016. |
| 300 ## - PHYSICAL DESCRIPTION | |
| Extent | 1 Recurso electrónico |
| 506 1# - RESTRICTIONS ON ACCESS NOTE | |
| Terms governing access | Disponible en los productos indicados |
| Authorized users | vLex Global |
| -- | vLex Global (Academic Edition, excluding Law Schools) |
| -- | vLex Global (U.S. Academic Edition, Law Schools) |
| -- | vLex Global (U.S. Academic Edition, excluding Law Schools) |
| -- | vLex Global (Academic Edition, Law Schools) |
| 650 04 - SUBJECT ADDED ENTRY--TOPICAL TERM | |
| Topical term or geographic name as entry element | Derecho fiscal |
| Geographic subdivision | México |
| 700 1# - ADDED ENTRY--PERSONAL NAME | |
| Personal name | Fol Olguin, Raymundo |
| 740 0# - | |
| -- | vLex libros (servicio en línea) |
| 856 40 - LOCALIZACIÓN Y ACCESO ELECTRÓNICO | |
| Identificador Uniforme del Recurso (URI/URL) | https://app.vlex.com/#/sources/guia-practica-laboral-seguridad-social-2016-14501 |
| 942 ## - | |
| -- | RAA |
| 999 ## - | |
| -- | 164609 |
| -- | 164609 |
No hay ítems disponibles.